| 000 | 00792cab a2200241 4500 | ||
|---|---|---|---|
| 001 | WB3022-06 | ||
| 008 | 090401t1994 xxu||||| |||| 00| 0 eng d | ||
| 035 | _a(Sirsi) u66720 | ||
| 041 | _aeng | ||
| 245 | _aFaulty roof design | ||
| 260 | _c1994 | ||
| 350 | _a0 | ||
| 490 |
_aNew Builder _v(219) 3 June 1994, 7(1) |
||
| 520 | _aA British Flat Roofing Council report in conjunction with Edinburgh`s Napier University blames building designers and occupiers for most problems with flat roofing systems. | ||
| 650 | _aBRITISH FLAT ROOFING COUNCIL | ||
| 650 | _aDEFECTS | ||
| 650 | _aEDINBURGH UNIVERSITY | ||
| 650 | _aFLAT ROOFS | ||
| 690 | _aBUILDING AND CONSTRUCTION-DEFECTS AND FAILURES | ||
| 690 | _aBUILT ENVIRONMENT-CONSTRUCTION DESIGN | ||
| 942 | _n0 | ||
| 948 | _c04/03/1997 | ||
| 999 |
_c41682 _d41682 |
||